Keď tréner nevie, čí je! hodnotíme účastníkov 1. ligy sezóny 2002/2003

Bibliographic Details
Format: Article
Language:Slovak
Subjects:

MARC

LEADER 00000nab a2200000 a 4500
001 vtls000838729
003 SK-MaSNL
005 20260304000620.0
008 040806c2003 xo 0 slo
015 |a SNBRB2003/07-18993 
035 |a CLN000190384 
040 |a SNKBUCL  |b slo  |c SNKBUCL  |e AACR2 
041 0 |a slo 
044 |a xo  |c SK 
080 |a 796.332(437.6)  |2 UDC-MRF-SK2 
245 0 0 |a Keď tréner nevie, čí je!  |b hodnotíme účastníkov 1. ligy sezóny 2002/2003 
300 |b Tab. 
610 2 7 |a FC Spartak Trnava  |2 snkbucl  |9 167760 
648 7 |a sezóna 2002/2003  |2 snkbucl  |9 842172 
650 0 7 |a futbal  |x liga 1.  |x miesto 4.  |2 snkbucl  |9 1276388 
655 7 |a články z novín a časopisov  |2 snkbucl  |9 267496 
773 0 |x 0139-7001  |t Šport  |g Roč. 57, č. 146 (26.6.2003), s. 8 
850 |a Slovenská národná knižnica v Martine 
852 |a SNK  |b KIS3GCP 
999 |c 2532012  |d 2533942